| 000 | 01443nam0a2200349 4500 | ||
|---|---|---|---|
| 001 | RU\NLR\bibl\21289 | ||
| 005 | 20260406100831.0 | ||
| 010 |
_a5-222-00645-Х _910000 |
||
| 021 |
_aRU _b99-6226 _9298 |
||
| 035 | _a(NLR Aleph) 000020747 | ||
| 090 |
_a94886 _c94886 |
||
| 100 | _a19990409d1999 u y0rusy50 ca | ||
| 101 | 1 |
_arus _ceng |
|
| 102 | _aRU | ||
| 105 | _a||||||||||||| | ||
| 200 | 1 |
_aГитлер и я _e[Воспоминания] _fОтто Штрассер _g[Пер. с англ. И. Павленко, В. Белоножко] |
|
| 210 |
_aРостов н/Д _cФеникс _d1999 |
||
| 215 |
_a382 с., [4] л. ил., портр. _cил. _d21 |
||
| 225 | 1 | _aИсторические силуэты | |
| 600 | 1 |
_aГитлер _bА. _f1889 - 1945 _gАдольф _jВоспоминания, записки и т.п. _91467669 _3RU\NLR\auth\66313923 |
|
| 607 |
_aГермания _jВоспоминания, записки и т.п. _xИстория _z1920 - 1930-ые гг. _92107233 _3RU\NLR\auth\661273838 |
||
| 686 | _aТ3(4Г)6,013 | ||
| 686 | _aТ3(4Г)63-8,013 | ||
| 686 | _aЦ35(0)62-424дГитлер,013 | ||
| 700 | 1 |
_4070 _7ca _8rus _aШтрассер _bО. _f1897-1974 _gОтто _3RU\NLR\AUTH\770289373 _92695024 |
|
| 801 | 0 |
_aRU _bNLR _c19990409 _gPSBO |
|
| 801 | 1 |
_aRU _bNLR _c19990409 |
|
| 852 |
_aNLR _j99-3/1301 |
||
| 942 | _cBOOK | ||
| 980 | _aNB | ||